000
00328nam a2200133Ia 4500
008
240624s9999 xx 000 0 und d
041
_a
eng
082
_a
158.7 BLO
100
_a
BLOUNT JEB
245
_a
SALES EQ HOW ULTRA HIGH PERFORMERS LEVER
260
_c
2017
_a
New Delhi
_b
Wiley
300
_a
306 p.; 24 cm.
365
_c
RS
999
_c
30920
_d
30920